The private journal of Captain G. F. Lyon, of H.M.S. Hecla, during the recent voyage of discovery under Captain Parry. With a map and plates

Furkejuvvon:
Bibliográfalaš dieđut
Váldodahkki: Lyon, George F. (autor)
Materiálatiipa: Girji
Giella:eaŋgalasgiella
Almmustuhtton: Londres John Murray, Albemarle street 1824
Preanttus:1a. ed
Fáttát:
Fáddágilkorat: Lasit fáddágilkoriid
Eai fáddágilkorat, Lasit vuosttaš fáddágilkora!

MARC

LEADER 00000nam a2200000 a 4500
001 UCJ5858
003 CL-VaPUC
005 20250227100133.0
008 070124e18240000UK |||||||||||||||||eng|d
999 |c 321966  |d 321964 
040 |c Pontificia Universidad Católica de Valparaíso 
082 0 4 |a 910.4  |b LYO  |2 21 
100 |a Lyon, George F.  |e autor  |9 511709 
245 1 4 |a The private journal of Captain G. F. Lyon, of H.M.S. Hecla, during the recent voyage of discovery under Captain Parry. With a map and plates 
250 |a 1a. ed 
260 |a Londres  |b John Murray, Albemarle street  |c 1824 
300 |a xiii, 468 p 
500 |a Front., vista de la zona ártica, grabado; un mapa e ilustraciones 
583 |a last modification  |c 20070124 00:00:00  |k Rodrigo Vera 
600 |a Parry, William Edward  |d 1790-1855  |9 880774 
650 0 |a Viajes  |9 257115 
650 7 |a DIARIO  |2 CL-VaPUC  |9 441581 
650 0 |a Expediciones científicas  |9 265222 
650 0 |a Descubrimientos geográficos  |9 331933 
650 7 |a ESQUIMALES  |2 CL-VaPUC  |9 441373 
650 7 |a FAUNA  |2 CL-VaPUC  |9 349523 
650 0 |a Cultura  |9 269059 
650 0 |a Etnografía   |9 309735 
650 0 |a Ilustraciones  |9 369481 
650 0 |a Mapas  |9 260844 
650 7 |a REPARAR  |2 CL-VaPUC  |9 505844 
651 7 |a REGION ARTICA  |2 CL-VaPUC  |9 366377 
651 7 |a BEHRING  |2 CL-VaPUC  |9 511710 
942 |c BK  |2 ddc 
945 |d 20070124 00:00:00  |a rinostro 
952 |0 0  |1 0  |4 0  |6 910_400000000000000_LYO_1824  |7 0  |8 X  |9 400864  |a FDOBUD  |b FDOBUD  |d 2019-11-22  |i 1040685  |o 910.4 LYO 1824  |p 1040685  |r 2019-11-22  |w 2019-11-22  |y BK_X  |k BUD